00392nam a2200145Ia 4500008004100000020001500041041000800056082001600064100003600080245005000116260003900166300001200205365000700217650002200224210719s1996 xx 000 0 und d a0070608989 aeng a574.88 STAS aSTANSFIELD (William D) & Others aSchaum's outlines molecular and cell biology. aNYbSchaum''s outline seriesc1996 a385bPB cRs aMolecular Biology